Arte religioso en la Colonia / (Registro nro. 7521)

Detalles MARC
000 -LEADER
fixed length control field 00983nam a22002657a 4500
003 - CONTROL NUMBER IDENTIFIER
control field OSt
005 - DATE AND TIME OF LATEST TRANSACTION
control field 20210310120612.0
008 - FIXED-LENGTH DATA ELEMENTS--GENERAL INFORMATION
fixed length control field 210310s2010 ck ao||gr|||| 00| 0 spa d
020 ## - INTERNATIONAL STANDARD BOOK NUMBER
International Standard Book Number 9789586642323
040 ## - CATALOGING SOURCE
Original cataloging agency CO-JMCR
Transcribing agency CO-JMCR
041 0# - LANGUAGE CODE
Language code of text/sound track or separate title spa
082 04 - DEWEY DECIMAL CLASSIFICATION NUMBER
Classification number 704.948 /
Item number M672a
Edition number 23
100 1# - MAIN ENTRY--PERSONAL NAME
Personal name Miranda, Álvaro,
Relator term autor
9 (RLIN) 14657
245 10 - TITLE STATEMENT
Title Arte religioso en la Colonia /
Statement of responsibility, etc. Álvaro Miranda ; revisión de textos Henry Parra Valero
260 ## - PUBLICATION, DISTRIBUTION, ETC.
Place of publication, distribution, etc. Bogotá :
Name of publisher, distributor, etc. Bilblioteca Luis Ángel Arango ;
Date of publication, distribution, etc. 2010
300 ## - PHYSICAL DESCRIPTION
Extent 35 páginas :
Other physical details ilustraciones y fotografías a color ;
Dimensions 22 x 20 cm.
490 0# - SERIES STATEMENT
Series statement Colección Banco de la República. Colección de arte
500 ## - GENERAL NOTE
General note Incluye notas a pie de página.
650 14 - SUBJECT ADDED ENTRY--TOPICAL TERM
Topical term or geographic name entry element Arte cristiano
General subdivision historia
Geographic subdivision Colombia
9 (RLIN) 14658
650 24 - SUBJECT ADDED ENTRY--TOPICAL TERM
Topical term or geographic name entry element Arte colonial
Geographic subdivision Colombia
9 (RLIN) 14659
650 24 - SUBJECT ADDED ENTRY--TOPICAL TERM
Topical term or geographic name entry element Custodias
General subdivision historia
Geographic subdivision Colombia
9 (RLIN) 14660
650 24 - SUBJECT ADDED ENTRY--TOPICAL TERM
Topical term or geographic name entry element Pintura colonial
Geographic subdivision Colombia
9 (RLIN) 14661
700 1# - ADDED ENTRY--PERSONAL NAME
Personal name Parra Valero, Henry,
Relator term revisor
9 (RLIN) 14662
942 ## - ADDED ENTRY ELEMENTS (KOHA)
Source of classification or shelving scheme Dewey Decimal Classification
Koha item type Books
Existencias
Withdrawn status Lost status Source of classification or shelving scheme Damaged status Not for loan Collection code Home library Current library Date acquired Source of acquisition Total Checkouts Full call number Barcode Date last seen Date last checked out Copy number Price effective from Koha item type
    Dewey Decimal Classification     Non-fiction Biblioteca Pública José María del Castillo y Rada Biblioteca Pública José María del Castillo y Rada 10/02/2020 Donación 1 704.948 / M672a 201810762 10/29/2024 10/28/2024 Ej.1 03/10/2021 Books